History Quiz

Random History or Century Quiz

20th Century History in Motion Quiz Stats

 Plays Quiz Updated Jul 23, 2018

Score 0/18 Timer 07:00
3 Plays Today
Question Answer Wrong Answers
Which of these images is the coronation of Queen Elizabeth II?
96.5%
1.4%
0.4%
0.2%
Which of these images is the assassination of John F. Kennedy?
95.3%
2.5%
0.2%
0.4%
Which of these images is the Japanese attack on Pearl Harbor?
94.8%
1.8%
0.5%
0.7%
Which of these images is the Beatles on the Ed Sullivan show?
94.7%
1.4%
1.4%
0.3%
Which of these images is the Tiananmen Square protests?
94.7%
0.8%
2.5%
2%
Which of these images is the fall of the Berlin Wall?
93%
2.2%
0.8%
1.4%
Which of these images is the Apollo 11 moon landing?
92.9%
0.3%
4.1%
0.8%
Which of these images is the trials at Nuremberg?
92.2%
2.5%
1.9%
0.4%
Which of these images is D-Day?
90.2%
1.6%
4.5%
0.8%
Which of these images is Iwo Jima?
89.8%
3.4%
4.6%
1.8%
Which of these images is the Hindenburg disaster?
89.7%
0.5%
4.8%
2%
Which of these images is Martin Luther King Jr.'s 'I Have a Dream' speech?
88.9%
7%
1.8%
0.5%
Which of these images is the Wright Brothers?
86.6%
3.3%
7.3%
0.2%
Which of these images is the explosion of the Space Shuttle Challenger?
78.7%
0.8%
16.6%
3.1%
Which of these images is the Nixon/Kennedy debate?
77.8%
6.2%
0.6%
12.9%
Which of these images is the launching of the RMS Titanic?
73.3%
23%
1.2%
0.3%
Which of these images is the eruption of Mt. St. Helens?
72.8%
23.9%
1.2%
0.9%
Which of these images is the Chernobyl disaster?
54.8%
24.7%
12.6%
5.1%

You're not logged in!

Compare scores with friends on all Sporcle quizzes.
OR
Log In

Sporcle TV

Today on Sporcle TV


Watch our educational content, quiz creation guides, and fun videos on Sporcle TV.

Show Comments

Extras

Top Quizzes Today


Score Distribution

Your Account Isn't Verified!

In order to create a playlist on Sporcle, you need to verify the email address you used during registration. Go to your Sporcle Settings to finish the process.

Report this User

Report this user for behavior that violates our Community Guidelines.

Details: